Rent inflation and affordability in London's private rental market (Record no. 113721)
[ view plain ]
| 000 -LEADER | |
|---|---|
| fixed length control field | 00992cad a22001935a 4500 |
| 001 - CONTROL NUMBER | |
| control field | L155603 |
| 008 - FIXED-LENGTH DATA ELEMENTS--GENERAL INFORMATION | |
| fixed length control field | 120329s2012 xxk f 000 0 eng d |
| 035 ## - SYSTEM CONTROL NUMBER | |
| System control number | (Sirsi) u155642 |
| 041 0# - LANGUAGE CODE | |
| Language code of text/sound track or separate title | eng |
| 110 2# - MAIN ENTRY--CORPORATE NAME | |
| Corporate name or jurisdiction name as entry element | Shelter |
| 9 (RLIN) | 2788 |
| 245 00 - TITLE STATEMENT | |
| Title | Rent inflation and affordability in London's private rental market |
| Medium | [electronic resource] |
| 260 ## - PUBLICATION, DISTRIBUTION, ETC. | |
| Place of publication, distribution, etc. | London |
| Name of publisher, distributor, etc. | Shelter |
| Date of publication, distribution, etc. | 2012 |
| 520 ## - SUMMARY, ETC. | |
| Summary, etc. | Highlights inflation rates for inner, outer and the whole of London, split by bedroom size, the levels of household income needed to afford the median rent on a two bedroom home in each London borough and the affordability of private renting in London for key worker families on median pay for their roles. Interactive map show affordability findings. |
| 590 ## - LOCAL NOTE (RLIN) | |
| Local note | KA NTK |
| 651 #4 - SUBJECT ADDED ENTRY--GEOGRAPHIC NAME | |
| Geographic name | London |
| 690 ## - LOCAL SUBJECT ADDED ENTRY--TOPICAL TERM (OCLC, RLIN) | |
| Topical term or geographic name as entry element | Residential property |
| 9 (RLIN) | 6266 |
| 856 40 - ELECTRONIC LOCATION AND ACCESS | |
| Uniform Resource Identifier | <a href="https://england.shelter.org.uk/__data/assets/pdf_file/0008/425708/London_Rent_Watch.pdf">https://england.shelter.org.uk/__data/assets/pdf_file/0008/425708/London_Rent_Watch.pdf</a> |
| Public note | View the item free of charge at england.shelter.org.uk |
| 942 ## - ADDED ENTRY ELEMENTS (KOHA) | |
| Suppress in OPAC | 0 |
| Withdrawn status | Lost status | Source of classification or shelving scheme | Damaged status | Not for loan | Home library | Current library | Shelving location | Date acquired | Total Checkouts | Full call number | Barcode | Date last seen | Copy number | Price effective from | Koha item type |
|---|---|---|---|---|---|---|---|---|---|---|---|---|---|---|---|
| Dewey Decimal Classification | Virtual | Virtual | Online | 29/03/2012 | ONLINE PUBLICATION | 155642-2001 | 06/08/2019 | 1 | 06/08/2019 | Book |